| 000 | 00786nam a22002297a 4500 | ||
|---|---|---|---|
| 005 | 20140901163201.0 | ||
| 010 | _aENG-107197 | ||
| 020 |
_a9788125049340 _c250.00 |
||
| 035 | _aEN-90730 | ||
| 035 | _aB-512718-721 | ||
| 037 | _bDBAD/PUB | ||
| 082 | _aN | ||
| 100 | _aBandyopadhyay, Manik | ||
| 245 | 0 | 0 |
_aThe boatman of the Padma / _cby Manik Bandyopadhyay; translated by Ratan Kumar Chattopadhyay from the Bengali by Padma Nadir Majhi |
| 260 |
_aNew Delhi _bOrient BlackSwan _c2012 |
||
| 270 |
_aI/24 Asaf Ali Road _bNew Delhi _e110002 |
||
| 300 |
_axviii,155p. _c22cm(pbk) |
||
| 700 | _aChattopadhyay, Ratan Kumar | ||
| 700 | _aMajhi, Padma Nadir | ||
| 942 |
_2ddc _cEN _hN _mBAN |
||
| 999 |
_c75788 _d75788 |
||